|
|
|
|
| LEADER |
00548nam a22001457a 4500 |
| 082 |
|
|
|a 820.9
|b NIC/A K0 Vol-4
|
| 100 |
|
|
|a Nicoll, Allardyce
|9 300608
|
| 245 |
|
|
|a A History of English Drama 1660-1900
|
| 250 |
|
|
|a 2nd(1st-1930)
|
| 260 |
|
|
|a Cambridge;
|b University Press;
|c 1960
|
| 300 |
|
|
|a 668p.
|
| 650 |
|
|
|a Literary History; English Literature
|9 300609
|
| 942 |
|
|
|c BK
|
| 999 |
|
|
|c 69012
|d 69012
|
| 952 |
|
|
|0 0
|1 0
|4 0
|6 820_900000000000000_NIC_A_K0_VOL4
|7 0
|8 EngLiterHi
|9 81913
|a MAL
|b MAL
|d 2016-11-19
|e 7987
|l 0
|o 820.9 NIC/A K0 Vol-4
|p MAL007987
|r 2016-11-19
|t 1
|w 2016-11-19
|y BK
|